Doctor Who soundtrack quiz #2 - Statistics

General Stats
  • This quiz has been taken 86 times
    19 since last reset
  • The average score is 53 of 231
Answer Stats
Soundtrack Answer % Correct
The Shepherd's Boy
100%
A Good Man?
83%
The Doctor
83%
Face the Raven
67%
Pudding Brains
67%
The Singing Towers
67%
A Fly on a Painting
58%
Clara's Diner
58%
Davros Approaches
58%
Digging a Grave
58%
Series 9 The One in a Thousand
58%
A Change of Clothes
50%
A Mechanical Maze
50%
A Second Shadow
50%
Break Free
50%
Listen
50%
Meeting in the Square
50%
Same Old Day
50%
Saving Rigsy
50%
The Husbands of River Song
50%
The Lighthouse
50%
(The Majestic Tale of) An Idiot With A Box
50%
The Veil
50%
Thirteen
50%
Two Days on a Longboat
50%
Waiting for the Veil
50%
Death is Locked In
42%
Every Christmas is Last Christmas
42%
I Call Myself Me
42%
Message from Missy
42%
Missy's Theme
42%
My Beautiful Ghost Monument
42%
Praxeus
42%
The Final Room
42%
The Ghosts
42%
The Spy Master
42%
This Is Not A War
42%
3 Perfectly Ordinary Roof People
33%
A Duty of Care
33%
All the Firewalls in the Galaxy
33%
Another Ghost Has Appeared
33%
Carol Singers Will Be Criticised
33%
Clara's Dream Christmas
33%
CyberMasters
33%
Davros Remembers
33%
Series 8 Doctor Who Theme (series 8)
33%
Don't Stop Me Now
33%
Ghosts
33%
Help in Dispatch
33%
In a Way, She's a Hybrid
33%
Just Come Inside
33%
Kerblam!
33%
My Fam
33%
My Penance
33%
One Confession Away
33%
Parks, Rosa Parks
33%
Ranskoor Av Kolos
33%
Running from the Raven
33%
She Was The Universe
33%
Sonic Screwdriver
33%
The Attacks
33%
The Doctor's Dream Christmas
33%
The General's Regeneration
33%
The Last Thing We Need
33%
The Song of Danny and Clara
33%
The Woman He Loves
33%
Three Suns
33%
Two Events in Life
33%
You Missed Me, Right?
33%
A Restaurant with a View
25%
Artron Energy
25%
Back Home
25%
Believe in Santa
25%
Brendan
25%
Concussed
25%
Defending the Earth
25%
Doctor, The Doctor
25%
Finding the Doctor
25%
Finding the Fisher King
25%
Fishing Take Down
25%
Freefall
25%
Fugitive Identified
25%
Get Out That Door
25%
Harmony and Redemption
25%
His Eternal Partner
25%
Hold On
25%
I Am Ashildr
25%
It's Still Him
25%
Judoon Warning Transmission
25%
Madam Mayor
25%
Make It Through Those Ruins
25%
Missy and Her Boys
25%
Missy's Gift
25%
Quicksilver
25%
Rebuilt
25%
Start the Clock
25%
Superior Minds
25%
Tecteun
25%
Tell No Lies
25%
The Ascension Shall Begin
25%
The Bootstrap Paradox
25%
The Caretaker
25%
The Finest Surgeon in the Galaxy
25%
The Future Is Mine
25%
The Halassi Androvar
25%
There Is No Clara Oswald
25%
They Need Us
25%
Time Lords
25%
What Have You Done
25%
You Really Need To Get Out of Those Clothes
25%
A Dying Husband
17%
A Good Man, An Incredible Liar
17%
Ascension of the Cybermen End Credits
17%
A Traveller Moving Through Time
17%
Be Afraid
17%
Breakout Ball
17%
Browsing
17%
Bye Fam
17%
Deep Cover
17%
Directions from the Ghosts
17%
Don't Panic
17%
Dreams Within Dreams
17%
Everything Is About To Change
17%
Hello Hello
17%
Hydroflax in the TARDIS
17%
Me and My Mates
17%
MI6
17%
Morax
17%
Official Eviction Notice
17%
Robert, Earl of Loxley
17%
Rupert Pink
17%
Series 11 Series 11 Opening Titles
17%
Series 12 Series 12 Opening Titles
17%
Sleigh Ride
17%
Some Kind of Submarine
17%
Something in the Spacesuit
17%
Something It Ate
17%
Stand Up Now
17%
Tell Me, Am I A Good Man?
17%
The Architect
17%
The Bloke Watching Your Dreams
17%
The Division
17%
The Fall
17%
The Morpheus Song
17%
The TARDIS Can't Take Off
17%
This Is My Spoon
17%
Three Idiots Roaming
17%
Throw Away the Key
17%
Time to do it Properly
17%
Tsuranga
17%
We Need To Get Back To The TARDIS
17%
Whole Again At Last
17%
Revolution of the Daleks 367 Minutes
8%
Account Closed
8%
A Drink First
8%
A Living Icon for Freedom
8%
A Reunion
8%
Are You Going To Shoot Me?
8%
Aristotle, We Have Been Hit
8%
Beyond Your Understanding
8%
Breath
8%
Do You Really Believe in Santa?
8%
Fear
8%
Forgetting
8%
Get Everyone Out
8%
Getting That Bike
8%
Going Undercover
8%
Home Sweet Home
8%
I Love You Nani
8%
I Need To Know
8%
Insurance Policy
8%
In The Woods
8%
It's Not Just You
8%
Keep Your Faith
8%
King James
8%
Long Story
8%
Made a New Friend
8%
Missing You
8%
Not Knowing
8%
Old Fashioned Hero
8%
One Possible Future
8%
Open Up
8%
Resus One
8%
Reverse the Polarity
8%
Robin of Sherwood
8%
Rob The Bank
8%
Series 11 End Credits
8%
Siege Mode
8%
Something Is Coming For Me
8%
Stay Alive
8%
Study Our Own Demise
8%
Tales of The Dead
8%
Tendril
8%
Thank You
8%
That Is The Moon
8%
The American Sense of Humour
8%
The Artefact
8%
The Golden Arrow
8%
The Incredible Shrinking Device
8%
The Legend of Robin Hood
8%
The Lie
8%
There's That Smile
8%
The Sarcophagus Opens
8%
The Shrine
8%
The Truth About The Daleks
8%
The Warrior
8%
They Walk Among Us
8%
Thijarian Hive
8%
Thinking About It
8%
This Is Very Bad News
8%
This New Nose Is So Unreliable
8%
Together and Alone
8%
Tranquility Spa
8%
Umbreen
8%
Unsealing the Infirmary
8%
We Don't Know What's Real
8%
We're Still Going To Kill You
8%
We Weren't Asleep That Long
8%
What Difference A Good Dalek?
8%
What Seems To Be The Problem?
8%
When I Say Run
8%
Activate
0%
A Cuppa
0%
Bad Boys
0%
Big Fat Liar
0%
Something Revolutionary
0%
Stability and Security
0%
Thank You for Being My Friend
0%
The Clone
0%
The Death Squad
0%
The Production Line
0%
No matching quizzes found
Score Distribution
Percent of People with Each Score
Percentile by Number Answered
Your Score History
You have not taken this quiz since the last reset